[Event "Schweinfurt op 23rd"]
[Site "Schweinfurt"]
[Date "2013.06.02"]
[Round "7"]
[White "Gould, Charles"]
[Black "Volkamer, Tobias"]
[Result "1-0"]
[WhiteElo "1969"]
[BlackElo "1737"]
[PlyCount "23"]
[EventDate "2013.05.30"]
[EventType "swiss"]
[EventRounds "7"]
[EventCountry "GER"]
[SourceTitle "CBM 154 Extra"]
[Source "ChessBase"]
[SourceDate "2013.06.25"]
[SourceVersion "2"]
[SourceVersionDate "2013.06.25"]
[SourceQuality "1"]

1. f4 d5 2. b3 Nf6 3. e3 Bf5 4. Bb2 Nbd7 5. Nf3 e6 6. Be2 Bd6 7. 0-0 0-0 8. Ne5 a6 9. d3 c6 10. Qe1 Qb6 11. Qg3 Bc5 12. Nxd7 1-0

[Event "Unterfranken-ch HA 62th"]
[Site "Gerolzhofen"]
[Date "2011.04.27"]
[Round "4"]
[White "Unkelbach, Manfred"]
[Black "Volkamer, Tobias"]
[Result "1-0"]
[WhiteElo "1809"]
[BlackElo "1680"]
[PlyCount "175"]
[EventDate "2011.04.25"]
[EventType "swiss"]
[EventRounds "9"]
[EventCountry "GER"]
[SourceTitle "EXT 2015"]
[Source "ChessBase"]
[SourceDate "2014.11.20"]
[SourceVersion "1"]
[SourceVersionDate "2014.11.20"]
[SourceQuality "1"]

1. d4 d5 2. Nf3 Nf6 3. c3 e6 4. Bg5 Nbd7 5. Nbd2 Be7 6. Qc2 b6 7. e3 Bb7 8. Bd3 0-0 9. Bxf6 Nxf6 10. Ne5 Bd6 11. Ndf3 Ne4 12. Bb5 a6 13. Ba4 b5 14. Bb3 c5 15. dxc5 Nxc5 16. 0-0 Rc8 17. a3 Nxb3 18. Qxb3 Qc7 19. Nd3 Rfe8 20. h3 e5 21. Nb4 Bxb4 22. axb4 d4 23. Rac1 Bxf3 24. gxf3 d3 25. Rcd1 Qc6 26. e4 Red8 27. Rd2 Qg6+ 28. Kh2 Rc6 29. Qd1 Rcd6 30. Qe1 Qg5 31. Qe3 Qf4+ 32. Qxf4 exf4 33. Rg1 Rg6 34. Rg4 Rxg4 35. fxg4 g5 36. Kg2 Kg7 37. Kf3 Kf6 38. Kg2 Rd6 39. f3 Ke6 40. Kf2 Kd7 41. Rd1 Kc7 42. Rh1 Kb6 43. Ke1 a5 44. bxa5+ Kxa5 45. h4 Rh6 46. h5 Kb6 47. Kd2 Rd6 48. Ra1 h6 49. Ra8 Kc5 50. Rc8+ Kb6 51. Rf8 Rd7 52. Rh8 Rd6 53. Rh7 Kc5 54. Rxf7 Kc4 55. Rb7 Ra6 56. b3+ Kxb3 57. Rxb5+ Kc4 58. Rb4+ Kc5 59. Kxd3 Ra1 60. Rc4+ Kd6 61. Rd4+ Ke6 62. Kc4 Rf1 63. Rd3 Ra1 64. Kd4 Ra6 65. c4 Ra4 66. Rc3 Kd6 67. Rb3 Kc6 68. e5 Ra1 69. Rd3 Re1 70. Ra3 Rd1+ 71. Rd3 Re1 72. Ra3 Rd1+ 73. Ke4 Re1+ 74. Kf5 Re3 75. Ra6+ Kc5 76. Rxh6 Rxf3 77. Kxg5 Rf1 78. Rf6 f3 79. h6 f2 80. h7 Rh1 81. Rxf2 Rxh7 82. Rf4 Rc7 83. Kf6 Rc6+ 84. e6 Kd6 85. Rd4+ Kc5 86. Re4 Kd6 87. Kf7 Ra6 88. e7 1-0

[Event "Unterfranken-ch HA 62th"]
[Site "Gerolzhofen"]
[Date "2011.04.26"]
[Round "2"]
[White "Heerlein, Gerd"]
[Black "Volkamer, Tobias"]
[Result "1/2-1/2"]
[WhiteElo "1755"]
[BlackElo "1680"]
[PlyCount "21"]
[EventDate "2011.04.25"]
[EventType "swiss"]
[EventRounds "9"]
[EventCountry "GER"]
[SourceTitle "EXT 2015"]
[Source "ChessBase"]
[SourceDate "2014.11.20"]
[SourceVersion "1"]
[SourceVersionDate "2014.11.20"]
[SourceQuality "1"]

1. Nf3 d5 2. g3 Nf6 3. Bg2 Nc6 4. d4 Bf5 5. 0-0 e6 6. a3 Bd6 7. b3 e5 8. Bb2 exd4 9. Nxd4 Nxd4 10. Bxd4 c6 11. Nd2 1/2-1/2

[Event "Unterfranken-ch HA 62th"]
[Site "Gerolzhofen"]
[Date "2011.04.25"]
[Round "1"]
[White "Volkamer, Tobias"]
[Black "Raab, Franziska"]
[Result "1-0"]
[WhiteElo "1680"]
[BlackElo "744"]
[PlyCount "55"]
[EventDate "2011.04.25"]
[EventType "swiss"]
[EventRounds "9"]
[EventCountry "GER"]
[SourceTitle "EXT 2015"]
[Source "ChessBase"]
[SourceDate "2014.11.20"]
[SourceVersion "1"]
[SourceVersionDate "2014.11.20"]
[SourceQuality "1"]

1. d4 d5 2. c4 dxc4 3. Nc3 Nc6 4. e3 Na5 5. Bxc4 Nxc4 6. Qa4+ c6 7. Qxc4 b5 8. Qxc6+ Bd7 9. Qf3 Rc8 10. Nge2 b4 11. Ne4 Qc7 12. 0-0 Bc6 13. N2g3 Nf6 14. Nxf6+ gxf6 15. d5 Bb5 16. Rd1 Qc2 17. Rd2 Qc4 18. Qd1 Qh4 19. Rd4 Ba4 20. Qxa4+ Kd8 21. Rxh4 e5 22. dxe6 fxe6 23. Rd4+ Kc7 24. Rd7+ Kb6 25. Qxa7+ Kc6 26. Bd2 Bd6 27. Rc1+ Kd5 28. Qd4# 1-0

[Event "Unterfranken-ch HA 60th"]
[Site "Obernau"]
[Date "2009.04.17"]
[Round "7"]
[White "Neuburger, Eduard"]
[Black "Volkamer, Tobias"]
[Result "1/2-1/2"]
[WhiteElo "1562"]
[BlackElo "1595"]
[PlyCount "54"]
[EventDate "2009.04.13"]
[EventType "swiss"]
[EventRounds "9"]
[EventCountry "GER"]
[SourceTitle "EXT 2015"]
[Source "ChessBase"]
[SourceDate "2014.11.20"]
[SourceVersion "1"]
[SourceVersionDate "2014.11.20"]
[SourceQuality "1"]

1. d4 d5 2. Bf4 Nf6 3. e3 e6 4. Nd2 c5 5. c3 Nc6 6. Ngf3 cxd4 7. exd4 Bd6 8. Bg3 0-0 9. Bd3 Re8 10. Bxd6 Qxd6 11. 0-0 e5 12. dxe5 Nxe5 13. Nxe5 Rxe5 14. Nf3 Bg4 15. h3 Bxf3 16. Qxf3 Rae8 17. Rad1 Ne4 18. Bxe4 Rxe4 19. Qd3 Re2 20. Qb5 Qc6 21. Rxd5 Rxb2 22. Qxc6 bxc6 23. Rc5 Rxa2 24. Rxc6 Kf8 25. c4 Rc2 26. Ra1 Re4 27. Rc8+ Re8 1/2-1/2

[Event "Unterfranken-ch HA 60th"]
[Site "Obernau"]
[Date "2009.04.17"]
[Round "9"]
[White "Volkamer, Tobias"]
[Black "Meyer, Marco"]
[Result "0-1"]
[WhiteElo "1595"]
[BlackElo "1743"]
[PlyCount "54"]
[EventDate "2009.04.13"]
[EventType "swiss"]
[EventRounds "9"]
[EventCountry "GER"]
[SourceTitle "EXT 2015"]
[Source "ChessBase"]
[SourceDate "2014.11.20"]
[SourceVersion "1"]
[SourceVersionDate "2014.11.20"]
[SourceQuality "1"]

1. d4 f5 2. c4 Nf6 3. Nc3 g6 4. Nf3 Bg7 5. g3 0-0 6. Bg2 d6 7. 0-0 Nc6 8. Qc2 e5 9. dxe5 dxe5 10. Rd1 Qe8 11. e3 Na5 12. b3 f4 13. exf4 exf4 14. Bxf4 Bf5 15. Qc1 Ne4 16. Bd2 Qf7 17. Ng5 Nxg5 18. Bxg5 Bg4 19. Bd5 Be6 20. Bxe6 Qxe6 21. Rb1 Qe5 22. Nd5 Rae8 23. Bf4 Qf5 24. Nxc7 Re2 25. Rd2 Rxd2 26. Bxd2 Qxf2+ 27. Kh1 Qf3+ 0-1

[Event "Unterfranken-ch HA 60th"]
[Site "Obernau"]
[Date "2009.04.16"]
[Round "6"]
[White "Volkamer, Tobias"]
[Black "Rachor, Udo"]
[Result "1-0"]
[WhiteElo "1595"]
[BlackElo "1486"]
[PlyCount "88"]
[EventDate "2009.04.13"]
[EventType "swiss"]
[EventRounds "9"]
[EventCountry "GER"]
[SourceTitle "EXT 2015"]
[Source "ChessBase"]
[SourceDate "2014.11.20"]
[SourceVersion "1"]
[SourceVersionDate "2014.11.20"]
[SourceQuality "1"]

1. d4 d5 2. Bf4 Bf5 3. Nf3 Nf6 4. e3 e6 5. Bd3 Ne4 6. 0-0 Bd6 7. Bxd6 Qxd6 8. c4 c6 9. Qc2 0-0 10. Nh4 Nd7 11. Nxf5 exf5 12. f3 Nef6 13. Bxf5 Rfe8 14. Re1 Re7 15. cxd5 cxd5 16. Nc3 Nb6 17. Bd3 Rae8 18. Qd2 a6 19. Re2 Qc7 20. Rc1 Qd7 21. Rce1 Qc6 22. Qc2 h6 23. e4 dxe4 24. Nxe4 Qxc2 25. Bxc2 Nfd5 26. Bb3 f5 27. Nc3 Rxe2 28. Rxe2 Rxe2 29. Nxe2 Kf8 30. Bxd5 Nxd5 31. a3 Ke7 32. Kf2 Kd6 33. g3 b6 34. Nc3 b5 35. Nxd5 Kxd5 36. Ke3 a5 37. Kd3 g6 38. h4 g5 39. hxg5 hxg5 40. g4 f4 41. b3 a4 42. b4 Ke6 43. Ke4 Kd6 44. d5 Ke7 1-0

[Event "Unterfranken-ch HA 60th"]
[Site "Obernau"]
[Date "2009.04.13"]
[Round "1"]
[White "Liebler, Juergen"]
[Black "Volkamer, Tobias"]
[Result "1/2-1/2"]
[WhiteElo "1715"]
[BlackElo "1595"]
[PlyCount "80"]
[EventDate "2009.04.13"]
[EventType "swiss"]
[EventRounds "9"]
[EventCountry "GER"]
[SourceTitle "EXT 2015"]
[Source "ChessBase"]
[SourceDate "2014.11.20"]
[SourceVersion "1"]
[SourceVersionDate "2014.11.20"]
[SourceQuality "1"]

1. e4 d5 2. exd5 Qxd5 3. Nc3 Qd6 4. Nf3 c6 5. d4 Nf6 6. Be2 Bg4 7. 0-0 e6 8. Ne5 Bxe2 9. Nxe2 Be7 10. Bf4 Qd8 11. Ng3 0-0 12. c3 Nbd7 13. Nf3 c5 14. Qe2 Nd5 15. Be3 cxd4 16. Bxd4 Bf6 17. Rad1 Qc7 18. Nh5 Bxd4 19. Rxd4 N7f6 20. Ng5 Nxh5 21. Qxh5 Nf6 22. Qh3 Qc5 23. Nf3 Rad8 24. Rfd1 Qb6 25. b3 Rxd4 26. Rxd4 Rd8 27. Qh4 h6 28. Qf4 Rxd4 29. Qxd4 Qa5 30. a4 b5 31. Qc5 a6 32. c4 Qc3 33. h3 Qc1+ 34. Kh2 Qf4+ 35. Kh1 Qc1+ 36. Ng1 bxa4 37. bxa4 Ne4 38. Qd4 Qf4 39. Nf3 Qc1+ 40. Kh2 Qf4+ 1/2-1/2

[Event "Unterfranken-ch HA 60th"]
[Site "Obernau"]
[Date "2009.04.13"]
[Round "2"]
[White "Volkamer, Tobias"]
[Black "Schnetter, Thomas"]
[Result "0-1"]
[WhiteElo "1595"]
[BlackElo "1667"]
[PlyCount "38"]
[EventDate "2009.04.13"]
[EventType "swiss"]
[EventRounds "9"]
[EventCountry "GER"]
[SourceTitle "EXT 2015"]
[Source "ChessBase"]
[SourceDate "2014.11.20"]
[SourceVersion "1"]
[SourceVersionDate "2014.11.20"]
[SourceQuality "1"]

1. d4 e6 2. Nf3 d5 3. Bf4 Bd6 4. Bxd6 Qxd6 5. c3 Nf6 6. Nbd2 Nbd7 7. e3 b6 8. Rc1 0-0 9. c4 c5 10. Bd3 Bb7 11. 0-0 Rac8 12. Qb3 Rfe8 13. cxd5 exd5 14. Qa3 Qb8 15. dxc5 Nxc5 16. Bf5 Rcd8 17. Nd4 g6 18. Bc2 Ng4 19. h3 Qh2# 0-1